| 000 | 00989nas a2200277 c 4500 | ||
|---|---|---|---|
| 003 | BLK | ||
| 005 | 20180422123220.0 | ||
| 008 | 180413b bul rap|r|||| |0| c1bulo| | ||
| 010 | _aPRD00003592000 | ||
| 022 | _aC613-582X | ||
| 040 | _aBLK | ||
| 041 |
_aBUL _cBUL |
||
| 080 |
_a _b621.317.72/.78 _x _z621.317.72/.78 |
||
| 110 | 1 |
_aДКНТП. ЦИНТИ _eРед. кол.: М. Димитрова _9388148 |
|
| 245 | 1 | 0 |
_aЕЛЕКТРОННИ ИЗМЕРИТЕЛНИ УРЕДИ _bОбзор _cДКНТП. ЦИНТИ ; Ред. кол.: М. Димитрова _fНачална год. на издаване: Год. 1, № 1 (1964), |
| 257 | _aBGR | ||
| 260 |
_аСофия _bЦИНТИ _c1964 _fпеч. при ЦИНТИ |
||
| 300 | _c22 | ||
| 310 |
_апериодичност: 0 _eсрок за съхранение: 99 |
||
| 380 | _a62 | ||
| 852 | _aА 1408 | ||
| 856 |
_qpdf _u |
||
| 856 |
_qpdf _u |
||
| 942 |
_cJOU _n0 _s1 |
||
| 944 |
_aCR _cМария_Кръстева _k15.01.2003 |
||
| 944 |
_aED _c _k15.10.2013 |
||
| 999 |
_c294698 _d294698 |
||